000 00877nam a22001577a 4500
003 OSt
005 20151006151653.0
008 151006b xxu||||| |||| 00| 0 eng d
040 _cRUA
082 _aAVM DEN 2006 B076 Or.1
100 _92187
_aDENG, POLADING.
245 _aThe effect of using blood meal in avian broiler concentrated feed on the growth rate at the royal university of agriculture, ប្រសិទ្ធភាពនៃការប្រើប្រាស់ម្សៅឈាមក្នុងចំណីផ្សំទៅលើការលូតលាស់របស់ពូជមាន់សាច់ពូជAVIAN នៅស្ថានីយ៍ចិញ្ចឹមសត្វនៃសាកលវិទ្យាល័យភូមិន្ទកសិកម្ម
260 _aPhnom Penh
_bRUA
_c2006
300 _a45p.
_bill.
_c29cm.
942 _2ddc
_cAVM
999 _c2058
_d2058